MCU Quotes Quiz - Statistics

General Stats
  • This quiz has been taken 99 times
  • The average score is 16 of 20
Answer Stats
Character Answer % Correct
Steve Rodgers Avengers {Assemble}!
100%
Groot I am {Groot}
100%
T'Challa In my culture, {death} is not the end. It's more of a stepping off point.
99%
Steve Rodgers I can do this {all} day
98%
Bruce Banner That's my secret cap, I'm always {angry}
96%
Bucky Barnes Don't do anything {stupid} until I get back.
94%
Tony Stark If you're nothing without this {suit}, then you shouldn't have it.
92%
Tony Stark I love you {3000}
91%
Thanos I am {inevitable}
88%
Peter Quill What master do I serve? What am I supposed to say? {Jesus}?
85%
Yondu He may have been your father... but he wasn't your{daddy}
80%
Thor This drink, I like it! {Another}!
77%
Drax Nothing goes over my head. My {reflexes} are too fast. I would catch it.
71%
Peter Parker I can't go to Germany, I've got {homework}.
65%
Vision What is grief if not {love} persevering
61%
Loki I am burdened with {glorious} purpose
60%
Natasha Romanoff Public displays of affection make people {uncomfortable}
58%
Clint Barton Don't do that. Don't give me {hope}.
57%
MJ If you expect {disappointment} then you can never really get disappointed
53%
Yelena Belova I made {macaroni} if you want some.
30%
No matching quizzes found
Score Distribution
Percent of People with Each Score
Percentile by Number Answered
Your Score History
You have not taken this quiz